Feroze Gandhi : (Record no. 123147)

MARC details
000 -LEADER
fixed length control field 00855nam a22002657a 4500
005 - DATE AND TIME OF LATEST TRANSACTION
control field 20170124105921.0
010 ## - LIBRARY OF CONGRESS CONTROL NUMBER
LC control number A-549045
020 ## - INTERNATIONAL STANDARD BOOK NUMBER
Terms of availability 00
International Standard Book Number 8170233356
035 ## - SYSTEM CONTROL NUMBER
System control number A-549045
037 ## - SOURCE OF ACQUISITION
Source of stock number/acquisition Cen Lib/Ret
040 ## - CATALOGING SOURCE
Original cataloging agency DPL
Language of cataloging EN
082 ## - DEWEY DECIMAL CLASSIFICATION NUMBER
Classification number 320.5092
100 ## - MAIN ENTRY--PERSONAL NAME
Personal name Mukhopadhyay, Tarun Kumar
9 (RLIN) 4409
245 ## - TITLE STATEMENT
Title Feroze Gandhi :
Statement of responsibility, etc by Tarun Kumar Mukhopadhyay
Remainder of title a crusader in parliament /
246 ## - VARYING FORM OF TITLE
Remainder of title
260 ## - PUBLICATION, DISTRIBUTION, ETC. (IMPRINT)
Name of publisher, distributor, etc Allied Publishers
Date of publication, distribution, etc 1992
Place of publication, distribution, etc New Delhi
270 ## - ADDRESS
City New Delhi
Address A-104, mayapuri 2
Postal code 110064
300 ## - PHYSICAL DESCRIPTION
Extent vii, 195p.
Dimensions 21cm(Hb)
500 ## - GENERAL NOTE
General note Includes bibliographical references and index
650 ## - SUBJECT ADDED ENTRY--TOPICAL TERM
Topical term or geographic name as entry element Political Science
9 (RLIN) 4410
650 ## - SUBJECT ADDED ENTRY--TOPICAL TERM
Topical term or geographic name as entry element Biographies
9 (RLIN) 618
650 ## - SUBJECT ADDED ENTRY--TOPICAL TERM
Topical term or geographic name as entry element राजनीति विज्ञान
9 (RLIN) 442
650 ## - SUBJECT ADDED ENTRY--TOPICAL TERM
Topical term or geographic name as entry element आत्मकथाएँ
9 (RLIN) 4411
942 ## - ADDED ENTRY ELEMENTS (KOHA)
Source of classification or shelving scheme Dewey Decimal Classification
Koha item type English Books
Classification part 320.5092
Call number suffix MUK
Holdings
Withdrawn status Lost status Damaged status Not for loan Home library Current library Date acquired Source of acquisition Cost, normal purchase price Total Checkouts Full call number Barcode Date last seen Copy number Cost, replacement price Price effective from Koha item type Public note
Written off       Central Library Central Library 03/06/2015 Cen Lib/Ret 0.00   320.5092 MUK A-549045 03/06/2015 1 0.00 03/06/2015 English Books Written off on approval by DLB (By Circulation); dtd 15-06-2023

© Delhi Public Library
Hit Counter
free hit counter